000 nam a22 a 4500
999 _c9
_d9
003 AKMAL
005 20170412130138.0
008 170412s1998 -uk 00 eng d
020 _a0297842293 (hbk.) :
_cRM 68.80
040 _aAKMAL
090 0 0 _a338.9595
_bMAH
100 _941
_aMahathir Mohamad,
_cTun,
_d1925-
245 1 0 _aThe way forward :
_bDr. Mahathir bin Mohamad
260 _aLondon :
_bWiedenfeld & Nicolson ,
_c1998
300 _a133p. ;
_c24cm.
599 _aDALAM PROSES
630 _aNew Economic Policy
_942
651 _aMalaysia
_xEconomic policy
_y1971-1990
_943
651 _aMalaysia
_xPolitics and government
_944
651 _aMalaysia
_xSocial conditions
_945
942 _2ddc
_cBOOK